00188 a2200085 450000500170000002000180001710000170003524500300005226000200008220251201150416.0 a9780262045520 aHidalgo C.A. aHow Humans Judge Machines bMIT Pressc2021